[Event "Budapest FS06 GM"]
[Site "Budapest"]
[Date "2025.06.12"]
[Round "7"]
[White "Zverev, Lev"]
[Black "Vantika, Agrawal"]
[Result "1/2-1/2"]
[WhiteElo "2474"]
[BlackElo "2388"]
[PlyCount "104"]
[EventDate "2025.06.07"]
[EventType "tourn"]
[EventRounds "9"]
[EventCountry "HUN"]
[EventCategory "7"]
[SourceTitle "CB26_2025"]
[SourceDate "2025.06.25"]
[SourceVersion "1"]
[SourceVersionDate "2025.06.25"]
[SourceQuality "1"]

1. e4 e6 2. d4 d5 3. Nc3 Nf6 4. e5 Nfd7 5. f4 c5 6. Nf3 Nc6 7. Be3 cxd4 8. Nxd4 Qb6 9. a3 Bc5 10. Ncb5 Nxd4 11. Bxd4 0-0 12. b4 Bxd4 13. Qxd4 f6 14. Qxb6 Nxb6 15. exf6 Rxf6 16. g3 a5 17. Nc7 Ra7 18. Rb1 axb4 19. Rxb4 Nd7 20. Bh3 Nc5 21. 0-0 Rxa3 22. Nxd5 exd5 23. Bxc8 Rc6 24. Bh3 Rc3 25. Bg2 Ne4 26. Rd1 Rxc2 27. Rxd5 Rc1+ 28. Bf1 Rd6 29. Rxd6 Nxd6 30. Kg2 Rc2+ 31. Kh3 Kf7 32. Bd3 Rc5 33. Kg4 g6 34. Kf3 b5 35. g4 Rd5 36. Ke3 h6 37. h4 h5 38. g5 Nf5+ 39. Bxf5 Rxf5 40. Rb3 Rc5 41. Ra3 Rc4 42. Ra7+ Kf8 43. Ra6 Kf7 44. Rb6 Rb4 45. Rf6+ Kg7 46. Rd6 Kf7 47. Rd7+ Kf8 48. Rh7 Kg8 49. Rd7 Kf8 50. Rb7 Kg8 51. Kf3 Kf8 52. Rh7 Kg8 1/2-1/2

[Event "Budapest FS06 GM"]
[Site "Budapest"]
[Date "2025.06.10"]
[Round "4"]
[White "Varga, Zoltan"]
[Black "Vantika, Agrawal"]
[Result "1/2-1/2"]
[WhiteElo "2298"]
[BlackElo "2388"]
[PlyCount "63"]
[EventDate "2025.06.07"]
[EventType "tourn"]
[EventRounds "9"]
[EventCountry "HUN"]
[EventCategory "7"]
[SourceTitle "CB26_2025"]
[SourceDate "2025.06.25"]
[SourceVersion "1"]
[SourceVersionDate "2025.06.25"]
[SourceQuality "1"]

1. e4 c5 2. Nf3 d6 3. d4 cxd4 4. Qxd4 Nc6 5. Bb5 a6 6. Bxc6+ bxc6 7. c4 e5 8. Qd3 Ne7 9. Nc3 Ng6 10. h4 h5 11. g3 Be7 12. Bg5 f6 13. Be3 Rb8 14. b3 0-0 15. c5 dxc5 16. Qc4+ Kh7 17. Bxc5 Bxc5 18. Qxc5 Qd3 19. Nh2 Qd4 20. Qxd4 exd4 21. Na4 f5 22. Rd1 Rd8 23. Nf3 fxe4 24. Rxd4 Rxd4 25. Nxd4 Bg4 26. Kd2 Rf8 27. Ke3 Ne7 28. Rh2 Re8 29. Kd2 Rd8 30. Ke3 Nf5+ 31. Nxf5 Bxf5 32. Nb2 1/2-1/2

[Event "Budapest FS06 GM"]
[Site "Budapest"]
[Date "2025.06.09"]
[Round "3"]
[White "Vantika, Agrawal"]
[Black "Pap, Misa"]
[Result "0-1"]
[WhiteElo "2388"]
[BlackElo "2438"]
[PlyCount "98"]
[EventDate "2025.06.07"]
[EventType "tourn"]
[EventRounds "9"]
[EventCountry "HUN"]
[EventCategory "7"]
[SourceTitle "CB26_2025"]
[SourceDate "2025.06.25"]
[SourceVersion "1"]
[SourceVersionDate "2025.06.25"]
[SourceQuality "1"]

1. c4 c5 2. Nf3 Nc6 3. Nc3 g6 4. e3 Nf6 5. d4 cxd4 6. exd4 d5 7. h3 Bg7 8. c5 0-0 9. Bb5 Bd7 10. 0-0 a6 11. Bxc6 Bxc6 12. Ne5 Nd7 13. f4 f6 14. Nxc6 bxc6 15. f5 gxf5 16. Rxf5 e6 17. Rf1 e5 18. Ne2 Rf7 19. Be3 f5 20. dxe5 Nxe5 21. Bd4 Qg5 22. Nf4 Re8 23. Rf2 Rfe7 24. Qa4 Qh4 25. Raf1 Nd3 26. g3 Qg5 27. Nxd3 Re4 28. Kh1 Qh6 29. Nf4 Bxd4 30. Rf3 Bxb2 31. Qxa6 Bg7 32. h4 Be5 33. Qd3 Qg7 34. R3f2 Bd4 35. Rc2 Qg4 36. Qf3 Re3 37. Qxg4+ fxg4 38. Kg2 Rf8 39. Nh5 Rxf1 40. Kxf1 Kf8 41. Nf4 Ke7 42. a4 Kd7 43. h5 Ra3 44. Re2 Bxc5 45. Rb2 Kc7 46. Ne6+ Kd6 47. Ng5 d4 48. Nxh7 d3 49. Ng5 Be3 0-1

[Event "Budapest FS06 GM"]
[Site "Budapest"]
[Date "2025.06.08"]
[Round "2"]
[White "Marin Ferragut, Pau"]
[Black "Vantika, Agrawal"]
[Result "1/2-1/2"]
[WhiteElo "2380"]
[BlackElo "2388"]
[PlyCount "80"]
[EventDate "2025.06.07"]
[EventType "tourn"]
[EventRounds "9"]
[EventCountry "HUN"]
[EventCategory "7"]
[SourceTitle "CB26_2025"]
[SourceDate "2025.06.25"]
[SourceVersion "1"]
[SourceVersionDate "2025.06.25"]
[SourceQuality "1"]

1. d4 Nf6 2. c4 e6 3. Nc3 Bb4 4. a3 Bxc3+ 5. bxc3 Nc6 6. f3 b6 7. e4 Na5 8. c5 bxc5 9. Qa4 Nb7 10. Bg5 h6 11. Bh4 cxd4 12. cxd4 c5 13. Ne2 Qa5+ 14. Qxa5 Nxa5 15. dxc5 Nb3 16. Rb1 Nxc5 17. Nc3 Ba6 18. Nb5 0-0 19. Bg3 Bxb5 20. Rxb5 Rfc8 21. Bd6 Na4 22. Rb4 Nb6 23. Kd2 Rc6 24. Be5 a5 25. Rb1 Rac8 26. Ba6 Nc4+ 27. Bxc4 Rxc4 28. Rhc1 d5 29. Rxc4 Rxc4 30. Rb5 Ra4 31. Bxf6 gxf6 32. exd5 exd5 33. Rxd5 Rxa3 34. Ke2 Ra2+ 35. Kf1 a4 36. Ra5 a3 37. h4 Kg7 38. Kg1 Kg6 39. h5+ Kg7 40. Kh2 Ra1 1/2-1/2

[Event "Prague Gambit 2nd"]
[Site "Prague"]
[Date "2025.06.04"]
[Round "7"]
[White "Vantika, Agrawal"]
[Black "Rosh, Jain"]
[Result "1/2-1/2"]
[WhiteElo "2377"]
[BlackElo "2254"]
[PlyCount "143"]
[EventDate "2025.05.31"]
[EventType "tourn"]
[EventRounds "9"]
[EventCountry "CZE"]
[EventCategory "6"]
[SourceTitle "CB24_2025"]
[SourceDate "2025.06.11"]
[SourceVersion "1"]
[SourceVersionDate "2025.06.11"]
[SourceQuality "1"]

1. c4 c5 2. Nf3 Nf6 3. g3 Nc6 4. Bg2 d5 5. cxd5 Nxd5 6. Nc3 Nc7 7. a3 g6 8. h4 h6 9. Na4 Ne6 10. b4 Bg7 11. Bb2 Bxb2 12. Nxb2 cxb4 13. axb4 Nxb4 14. 0-0 Nc6 15. e3 0-0 16. d4 Nc7 17. Nh2 Be6 18. Nd3 Bd5 19. e4 Bc4 20. d5 e6 21. dxc6 Bxd3 22. cxb7 Rb8 23. Re1 Rxb7 24. Qd2 Qd4 25. Rad1 Rb2 26. Qf4 e5 27. Qf3 Be2 28. Rxd4 Bxf3 29. Rd7 Bxg2 30. Kxg2 Ne8 31. Ng4 Rb5 32. Nxh6+ Kg7 33. Ng4 a5 34. Ra1 Nf6 35. Nxf6 Kxf6 36. Ra7 Rb4 37. f3 Rd8 38. R1xa5 Rd3 39. Ra3 Rb2+ 40. Kh3 Rbb3 41. Rxb3 Rxb3 42. Kg4 Re3 43. Ra1 Ke6 44. Rf1 f6 45. Rf2 Re1 46. Ra2 Re3 47. Ra6+ Kf7 48. Ra7+ Kf8 49. Rb7 Kg8 50. Rc7 Kf8 51. Rc4 Kf7 52. f4 exf4 53. Kxf4 Re1 54. Rc7+ Kf8 55. Rc8+ Kf7 56. Rc7+ Kf8 57. Rc3 Kf7 58. Re3 Rf1+ 59. Rf3 Re1 60. g4 Rh1 61. e5 Ke6 62. exf6 Kxf6 63. Kg3+ Kg7 64. Ra3 Rg1+ 65. Kf4 Kh6 66. Ra7 Rf1+ 67. Kg3 Rg1+ 68. Kf3 Rf1+ 69. Kg2 Rb1 70. Rf7 g5 71. h5 Rg1+ 72. Kxg1 1/2-1/2

[Event "Prague Gambit 2nd"]
[Site "Prague"]
[Date "2025.06.01"]
[Round "3"]
[White "Vantika, Agrawal"]
[Black "Simacek, Pavel"]
[Result "1/2-1/2"]
[WhiteElo "2377"]
[BlackElo "2421"]
[PlyCount "114"]
[EventDate "2025.05.31"]
[EventType "tourn"]
[EventRounds "9"]
[EventCountry "CZE"]
[EventCategory "6"]
[SourceTitle "CB24_2025"]
[SourceDate "2025.06.11"]
[SourceVersion "1"]
[SourceVersionDate "2025.06.11"]
[SourceQuality "1"]

1. d4 Nf6 2. c4 e6 3. Nf3 c5 4. d5 exd5 5. cxd5 d6 6. Nc3 g6 7. Nd2 Nbd7 8. e4 Bg7 9. Be2 0-0 10. 0-0 Re8 11. a4 Ne5 12. h3 g5 13. Ra3 Ng6 14. Re1 a6 15. Kh2 g4 16. g3 h5 17. h4 Rb8 18. a5 Bd7 19. Bf1 Ne5 20. Be2 Ng6 21. Bf1 Nh7 22. Nc4 Bb5 23. f3 Qf6 24. Nxb5 axb5 25. Nb6 Nxh4 26. Bg2 Nxg2 27. Kxg2 Rbd8 28. fxg4 h4 29. Rf3 Qg6 30. Rf5 hxg3 31. Qf3 Be5 32. Rh1 Bg7 33. b3 Re7 34. Bf4 Rde8 35. Re1 Be5 36. Bxe5 Rxe5 37. Nd7 R5e7 38. Nf6+ Nxf6 39. Rxf6 Qg5 40. Rf5 Qg6 41. Rf6 Qg5 42. Rf5 Qg6 43. Kxg3 Kg7 44. Rf1 Kg8 45. Re1 Kg7 46. Qf4 Re5 47. Rf1 Rxf5 48. exf5 Qf6 49. Rf3 Qe5 50. Qxe5+ Rxe5 51. Rd3 Re1 52. g5 b4 53. Kf4 Rf1+ 54. Kg4 Rg1+ 55. Kf4 Rf1+ 56. Kg4 Rg1+ 57. Kf4 Rf1+ 1/2-1/2

[Event "Przeworsk"]
[Site "Przeworsk"]
[Date "2025.05.26"]
[Round "6"]
[White "Ovsejevitsch, Sergei"]
[Black "Vantika, Agrawal"]
[Result "1-0"]
[WhiteElo "2565"]
[BlackElo "2377"]
[PlyCount "228"]
[EventDate "2025.05.22"]
[EventType "tourn"]
[EventRounds "9"]
[EventCountry "POL"]
[EventCategory "8"]
[SourceTitle "CB22_2025"]
[SourceDate "2025.05.28"]
[SourceVersion "1"]
[SourceVersionDate "2025.05.28"]
[SourceQuality "1"]

1. Nf3 Nf6 2. c4 e6 3. Nc3 Bb4 4. Qc2 0-0 5. a3 Bxc3 6. Qxc3 d6 7. d4 b6 8. g3 Bb7 9. Bg2 Nbd7 10. 0-0 Qe7 11. Rd1 a5 12. b3 d5 13. Ne5 Ne4 14. Qc2 Nxe5 15. dxe5 f5 16. exf6 Qxf6 17. Be3 c5 18. Rac1 Rad8 19. cxd5 exd5 20. b4 axb4 21. axb4 Qe7 22. bxc5 bxc5 23. Bxe4 Qxe4 24. Bxc5 Rfe8 25. Bd4 Rd7 26. Qa4 Rde7 27. Rd2 h5 28. Rc3 Qb1+ 29. Rd1 Qg6 30. Be3 Qa6 31. Qxa6 Bxa6 32. Kf1 Bc4 33. Rd2 Rb8 34. Rc1 Reb7 35. Bd4 Rb1 36. Rxb1 Rxb1+ 37. Kg2 Kf7 38. h4 g6 39. Kf3 Ke6 40. Kf4 Re1 41. Ke3 Rb1 42. f3 Kf5 43. Bc5 Ke5 44. Bd4+ Kf5 45. Bg7 Rb7 46. Bb2 Re7+ 47. Kf2 Rb7 48. Rc2 Rb3 49. Bd4 Ra3 50. Bc3 Rb3 51. Ke3 Rb1 52. Bg7 Rb7 53. Bh6 Re7+ 54. Kf2 Ra7 55. e4+ Ke5 56. Bc1 Ra2 57. Bb2+ Ke6 58. Ke3 Bb3 59. Rd2 dxe4 60. fxe4 Ke7 61. Kf4 Bf7 62. Kg5 Ra5+ 63. Kh6 Ra2 64. Kg7 Ke6 65. Rf2 Be8 66. Rf6+ Ke7 67. Bc1 Re2 68. Bg5 Kd7 69. Rf4 Ke6 70. Bf6 Bc6 71. e5 Be4 72. g4 hxg4 73. Rxg4 Re1 74. Rg3 Rb1 75. Re3 Rb4 76. Re2 Rb7+ 77. Kh6 Bd3 78. Rd2 Rb3 79. Rd1 Ra3 80. Rc1 Ra6 81. Rc7 Kf5 82. Rg7 Ke6 83. Re7+ Kf5 84. Rg7 Ke6 85. Kg5 Bc2 86. Re7+ Kd5 87. Kh6 Bf5 88. Rc7 Be4 89. Kg7 Ke6 90. Kh6 Bf5 91. Re7+ Kd5 92. Kg7 Rb6 93. Kf7 Ra6 94. Rb7 Rc6 95. Ra7 Rb6 96. Ra5+ Ke4 97. Be7 Rc6 98. Bd6 Rb6 99. Kf6 Kf4 100. Rd5 Kg4 101. Rd4+ Kh5 102. Kf7 Rb7+ 103. Be7 Rb5 104. e6 Rb6 105. Bd6 Bxe6+ 106. Kxe6 g5 107. hxg5 Kxg5 108. Rd3 Rb5 109. Rg3+ Kh4 110. Rg1 Kh3 111. Be5 Rb7 112. Kf5 Rf7+ 113. Ke4 Rf2 114. Rg3+ Kh2 1-0

[Event "Przeworsk"]
[Site "Przeworsk"]
[Date "2025.05.23"]
[Round "2"]
[White "Szustakowski, Antoni"]
[Black "Vantika, Agrawal"]
[Result "1-0"]
[WhiteElo "2373"]
[BlackElo "2377"]
[PlyCount "125"]
[EventDate "2025.05.22"]
[EventType "tourn"]
[EventRounds "9"]
[EventCountry "POL"]
[EventCategory "8"]
[SourceTitle "CB22_2025"]
[SourceDate "2025.05.28"]
[SourceVersion "1"]
[SourceVersionDate "2025.05.28"]
[SourceQuality "1"]

1. d4 Nf6 2. c4 e6 3. Nc3 Bb4 4. e3 b6 5. Nge2 Ne4 6. Qc2 Nxc3 7. Nxc3 Bb7 8. a3 Bxc3+ 9. Qxc3 d6 10. b4 a5 11. Bb2 0-0 12. f3 Qh4+ 13. g3 Qh5 14. e4 f5 15. d5 e5 16. exf5 Qxf5 17. Bg2 axb4 18. axb4 Rxa1+ 19. Bxa1 Qb1+ 20. Ke2 Qa2+ 21. Bb2 b5 22. f4 Qxc4+ 23. Qxc4 bxc4 24. fxe5 dxe5 25. Ra1 Nd7 26. Ra7 Rb8 27. Bh3 Nf6 28. Be6+ Kh8 29. Ra5 Rd8 30. Bxe5 Bxd5 31. Bxf6 Re8 32. Bxg7+ Kxg7 33. Rxd5 Rxe6+ 34. Kd2 c6 35. Rd4 Kg6 36. Rxc4 Kf5 37. Rh4 h6 38. Kd3 Kg5 39. Re4 Rd6+ 40. Rd4 Re6 41. Kc4 h5 42. Kc5 Kf5 43. Rh4 Kg5 44. Rc4 Kf5 45. Kb6 Rd6 46. Kc7 Re6 47. Rxc6 Re7+ 48. Kb6 Re2 49. Rc5+ Kg6 50. h4 Re4 51. Rg5+ Kf6 52. b5 Re3 53. Kb7 Ke7 54. b6 Kd7 55. Rxh5 Rxg3 56. Rd5+ Ke6 57. Rd2 Rh3 58. Rd4 Ke5 59. Ra4 Kd6 60. Ka7 Rb3 61. b7 Kc7 62. b8Q+ Rxb8 63. Rc4+ 1-0

[Event "Przeworsk"]
[Site "Przeworsk"]
[Date "2025.05.23"]
[Round "3"]
[White "Vantika, Agrawal"]
[Black "Stefansson, Hannes"]
[Result "1-0"]
[WhiteElo "2377"]
[BlackElo "2428"]
[PlyCount "41"]
[EventDate "2025.05.22"]
[EventType "tourn"]
[EventRounds "9"]
[EventCountry "POL"]
[EventCategory "8"]
[SourceTitle "CB22_2025"]
[SourceDate "2025.05.28"]
[SourceVersion "1"]
[SourceVersionDate "2025.05.28"]
[SourceQuality "1"]

1. d4 Nf6 2. c4 e6 3. Nf3 d5 4. Nc3 Bb4 5. Bg5 h6 6. Bxf6 Qxf6 7. e3 0-0 8. Rc1 dxc4 9. Bxc4 c5 10. 0-0 cxd4 11. Ne4 Qe7 12. a3 Ba5 13. exd4 Rd8 14. Rc2 Bd7 15. Re2 Bc6 16. Qc2 Nd7 17. d5 Bxd5 18. Bxd5 Rac8 19. Qa4 exd5 20. Ng3 Qc5 21. b4 1-0

[Event "Asia-ch (Women)"]
[Site "Al Ain"]
[Date "2025.05.13"]
[Round "7"]
[White "Vantika, Agrawal"]
[Black "Srija, Seshadri"]
[Result "1/2-1/2"]
[WhiteElo "2377"]
[BlackElo "2226"]
[PlyCount "93"]
[EventDate "2025.05.07"]
[EventType "swiss"]
[EventRounds "9"]
[EventCountry "UAE"]
[SourceTitle "CB21_2025"]
[SourceDate "2025.05.21"]
[SourceVersion "1"]
[SourceVersionDate "2025.05.21"]
[SourceQuality "1"]

1. d4 Nf6 2. c4 g6 3. Nc3 Bg7 4. e4 d6 5. Be2 0-0 6. Nf3 e5 7. 0-0 h6 8. Re1 Nbd7 9. Qc2 Re8 10. dxe5 Nxe5 11. Nxe5 dxe5 12. Rd1 Bd7 13. Be3 c6 14. h3 Qe7 15. c5 Nh7 16. b4 Nf8 17. Bc4 Be6 18. Ne2 Rad8 19. a3 a6 20. Bxe6 Nxe6 21. Rxd8 Rxd8 22. Rd1 Kf8 23. Rxd8+ Qxd8 24. Qd2 Qxd2 25. Bxd2 Ke8 26. f3 h5 27. h4 Bf6 28. g3 Kd7 29. Kf2 Nc7 30. Bc3 Ke6 31. Bb2 Be7 32. Nc1 f6 33. Nb3 Kd7 34. Na5 Kc8 35. Nc4 Ne6 36. Ke3 Kc7 37. Bc3 Kc8 38. Bd2 Kc7 39. Kd3 Kc8 40. Be3 Kc7 41. Ke2 Kd7 42. Kd3 Bd8 43. Bf2 Bc7 44. Be3 Kd8 45. Bf2 Kd7 46. Be3 Kd8 47. Bf2 1/2-1/2

[Event "Asia-ch (Women)"]
[Site "Al Ain"]
[Date "2025.05.08"]
[Round "2"]
[White "Vantika, Agrawal"]
[Black "Serikbay, Assel"]
[Result "1-0"]
[WhiteElo "2377"]
[BlackElo "2223"]
[PlyCount "75"]
[EventDate "2025.05.07"]
[EventType "swiss"]
[EventRounds "9"]
[EventCountry "UAE"]
[SourceTitle "CB21_2025"]
[SourceDate "2025.05.21"]
[SourceVersion "1"]
[SourceVersionDate "2025.05.21"]
[SourceQuality "1"]

1. d4 Nf6 2. c4 e6 3. Nf3 b6 4. g3 Ba6 5. Qa4 Bb7 6. Bg2 c5 7. dxc5 Bxc5 8. 0-0 0-0 9. Nc3 d5 10. Rd1 Qc8 11. cxd5 Nxd5 12. Nxd5 Bxd5 13. Qg4 Qb7 14. b4 f5 15. Qh4 Be7 16. Bg5 Bd6 17. Ne1 Bxg2 18. Nxg2 Be5 19. Rac1 b5 20. Nf4 Qf7 21. Rc5 Nd7 22. Rxd7 Qxd7 23. Rxe5 Rfe8 24. Nd3 Rac8 25. Nc5 Qd6 26. Re3 Qd1+ 27. Kg2 h6 28. Bf4 e5 29. Qh5 Qd5+ 30. f3 Re7 31. Qxf5 Rce8 32. Nd3 Rf8 33. Qe4 Qxa2 34. Bxe5 Rc8 35. f4 Qb1 36. f5 Rc4 37. Qd5+ Kh7 38. f6 1-0

[Event "Asia-ch (Women)"]
[Site "Al Ain"]
[Date "2025.05.07"]
[Round "1"]
[White "Jiang, Tianyu"]
[Black "Vantika, Agrawal"]
[Result "0-1"]
[WhiteElo "2118"]
[BlackElo "2377"]
[PlyCount "57"]
[EventDate "2025.05.07"]
[EventType "swiss"]
[EventRounds "9"]
[EventCountry "UAE"]
[SourceTitle "CB21_2025"]
[SourceDate "2025.05.21"]
[SourceVersion "1"]
[SourceVersionDate "2025.05.21"]
[SourceQuality "1"]

1. e4 c5 2. Nf3 d6 3. Bb5+ Bd7 4. Bxd7+ Nxd7 5. 0-0 e6 6. Qe2 Be7 7. c3 Ngf6 8. d4 0-0 9. Bg5 h6 10. Bh4 a6 11. e5 dxe5 12. dxe5 Nd5 13. Bxe7 Nxe7 14. a4 Qc7 15. Nbd2 Nc6 16. Rfe1 Rfd8 17. Nf1 Nf8 18. h4 Ng6 19. h5 Nge7 20. Qe4 Rd7 21. Ne3 Nd5 22. Ng4 Rad8 23. Nh4 Nce7 24. Qf3 Qc6 25. Re4 c4 26. Rae1 b5 27. Qg3 Nf5 28. Qh3 Nxh4 29. Qxh4 0-1

[Event "Wch Blitz (Women)"]
[Site "New York"]
[Date "2024.12.30"]
[Round "2"]
[White "Mkrtchyan, Mariam"]
[Black "Vantika, Agrawal"]
[Result "0-1"]
[WhiteElo "2325"]
[BlackElo "2392"]
[PlyCount "104"]
[EventDate "2024.12.30"]
[EventType "swiss (blitz)"]
[EventRounds "11"]
[EventCountry "USA"]
[SourceTitle "CB01_2025"]
[SourceDate "2025.01.01"]
[SourceVersion "1"]
[SourceVersionDate "2025.01.01"]
[SourceQuality "1"]

1. d4 Nf6 2. c4 e6 3. Nf3 h6 4. Nc3 Bb4 5. Bd2 c5 6. dxc5 Bxc5 7. e3 0-0 8. Be2 d5 9. 0-0 Nc6 10. cxd5 exd5 11. Rc1 a6 12. Na4 Ba7 13. Bc3 Ne4 14. Bd4 Nxd4 15. Nxd4 Bd7 16. Nc3 Nf6 17. Bf3 Be6 18. Qb3 Qd7 19. Rfd1 Rac8 20. h3 Rfd8 21. Qa4 Qe7 22. Qb3 Rc7 23. Nce2 Rdc8 24. Rxc7 Rxc7 25. Rc1 Ne4 26. Rxc7 Qxc7 27. Bxe4 Bxd4 28. Nxd4 dxe4 29. Nxe6 fxe6 30. Qxe6+ Kf8 31. Qf5+ Kg8 32. Qxe4 Qc1+ 33. Kh2 Qxb2 34. Qd5+ Kf8 35. f4 Qb6 36. e4 Qf2 37. Qf5+ Ke7 38. e5 b5 39. Qe4 Qxa2 40. f5 Qc4 41. Qb7+ Kf8 42. Qb8+ Kf7 43. e6+ Kf6 44. Qf8+ Kg5 45. Qxg7+ Kxf5 46. Qf7+ Ke5 47. Qg8 Qxe6 48. Qb8+ Qd6 49. Qh8+ Kd5+ 50. Kg1 b4 51. Kf2 a5 52. Ke3 Qe5+ 0-1

[Event "Wch Blitz (Women)"]
[Site "New York"]
[Date "2024.12.30"]
[Round "1"]
[White "Vantika, Agrawal"]
[Black "Priyanka, Nutakki"]
[Result "1-0"]
[WhiteElo "2392"]
[BlackElo "2296"]
[PlyCount "79"]
[EventDate "2024.12.30"]
[EventType "swiss (blitz)"]
[EventRounds "11"]
[EventCountry "USA"]
[SourceTitle "CB01_2025"]
[SourceDate "2025.01.01"]
[SourceVersion "1"]
[SourceVersionDate "2025.01.01"]
[SourceQuality "1"]

1. d4 d5 2. c4 e6 3. Nf3 Nd7 4. Qc2 Ngf6 5. g3 dxc4 6. Bg2 Bb4+ 7. Bd2 Qe7 8. 0-0 Nb6 9. Ne5 0-0 10. Nxc4 Nxc4 11. Qxc4 Bd6 12. e4 e5 13. f4 Be6 14. Qd3 exf4 15. gxf4 Bb4 16. f5 Bxd2 17. Nxd2 Bd7 18. e5 Nh5 19. Qf3 g6 20. f6 Qb4 21. Qe3 Rfd8 22. a3 Qf8 23. Ne4 Bc6 24. Rac1 Re8 25. Nc5 Bxg2 26. Kxg2 Red8 27. Nxb7 Rdb8 28. Rxc7 Rc8 29. Rfc1 Rxc7 30. Rxc7 Rc8 31. Rxc8 Qxc8 32. Nd6 Qa8+ 33. Qe4 Qb8 34. b4 a6 35. Kf2 Qa7 36. Qd5 Nf4 37. Qc4 Qa8 38. Qc8+ Qxc8 39. Nxc8 Nd5 40. Ne7+ 1-0

[Event "Wch Rapid (Women)"]
[Site "New York"]
[Date "2024.12.28"]
[Round "11"]
[White "Injac, Teodora"]
[Black "Vantika, Agrawal"]
[Result "1-0"]
[WhiteElo "2295"]
[BlackElo "2352"]
[PlyCount "155"]
[EventDate "2024.12.26"]
[EventType "swiss (rapid)"]
[EventRounds "11"]
[EventCountry "USA"]
[SourceTitle "CB01_2025"]
[SourceDate "2025.01.01"]
[SourceVersion "1"]
[SourceVersionDate "2025.01.01"]
[SourceQuality "1"]

1. Nf3 Nf6 2. c4 e6 3. g3 d5 4. Bg2 d4 5. d3 Bb4+ 6. Bd2 a5 7. 0-0 Nc6 8. e3 0-0 9. exd4 Nxd4 10. Nc3 Bc5 11. Be3 Re8 12. Bxd4 Bxd4 13. Nxd4 Qxd4 14. Nb5 Qd8 15. d4 c6 16. Nc3 e5 17. d5 cxd5 18. cxd5 Bd7 19. a4 Qb6 20. Ra3 e4 21. Rb3 Qa7 22. Qd2 Rad8 23. Re1 Bc6 24. Nxe4 Nxd5 25. Rd3 Qb8 26. Rd1 Qe5 27. h4 Rc8 28. Qxa5 Qxb2 29. Nd6 Ra8 30. Qd2 Qxd2 31. R3xd2 Nc3 32. Bxc6 bxc6 33. Nxe8 Nxd1 34. Nc7 Rc8 35. Rxd1 g6 36. Na6 c5 37. Rc1 c4 38. Nb4 Ra8 39. Rxc4 Rxa4 40. Rc8+ Kg7 41. Nd5 h5 42. Kg2 Rd4 43. Nf4 Rd7 44. Rc6 Ra7 45. Rc5 Rb7 46. Kf3 Rb4 47. Rc7 Rb3+ 48. Ke4 Rb4+ 49. Ke3 Rb3+ 50. Nd3 Rb5 51. Ke4 Kf6 52. Rc6+ Kg7 53. Ne5 Rb4+ 54. Rc4 Rb2 55. f3 Rb7 56. Rd4 Kf6 57. f4 Rb3 58. Rd3 Rb4+ 59. Kf3 Ke6 60. Ra3 Rb6 61. Ra7 Rb3+ 62. Kg2 Rb2+ 63. Kh3 f6 64. Nxg6 Kf5 65. Ne7+ Ke4 66. Ng8 f5 67. Nf6+ Kf3 68. Nxh5 Rb1 69. Ra3+ Kf2 70. Ra2+ Kf3 71. Ng7 Rh1+ 72. Rh2 Ra1 73. Nxf5 Rd1 74. h5 Rg1 75. Kh4 Ke4 76. Kg5 Ra1 77. h6 Ra5 78. g4 1-0

[Event "Wch Rapid (Women)"]
[Site "New York"]
[Date "2024.12.27"]
[Round "7"]
[White "Bodnaruk, Anastasia"]
[Black "Vantika, Agrawal"]
[Result "1-0"]
[WhiteElo "2302"]
[BlackElo "2352"]
[PlyCount "81"]
[EventDate "2024.12.26"]
[EventType "swiss (rapid)"]
[EventRounds "11"]
[EventCountry "USA"]
[SourceTitle "CB01_2025"]
[SourceDate "2025.01.01"]
[SourceVersion "1"]
[SourceVersionDate "2025.01.01"]
[SourceQuality "1"]

1. e4 e6 2. d4 d5 3. e5 c5 4. c3 Nc6 5. Nf3 Bd7 6. Be2 Nge7 7. Na3 cxd4 8. cxd4 Nf5 9. Nc2 Be7 10. g3 Rc8 11. h4 0-0 12. h5 h6 13. Kf1 a6 14. Kg2 Na5 15. Nce1 Bb5 16. Bxb5 axb5 17. Nd3 f6 18. Nf4 Rc6 19. Ng6 Re8 20. g4 fxe5 21. gxf5 e4 22. Nfe5 Ra6 23. Qg4 exf5 24. Qxf5 Rf6 25. Qg4 Kh7 26. b3 Nc6 27. Be3 Nxe5 28. dxe5 Rf3 29. Rad1 Bb4 30. Nh4 Rff8 31. Qg6+ Kh8 32. Bxh6 gxh6 33. Qxh6+ Kg8 34. Rh3 Kf7 35. Nf5 Rg8+ 36. Rg3 Rxg3+ 37. fxg3 Rxe5 38. Qg6+ Kf8 39. Qg7+ Ke8 40. Qxe5+ Kf7 41. Rf1 1-0

[Event "Wch Rapid (Women)"]
[Site "New York"]
[Date "2024.12.26"]
[Round "1"]
[White "Ouellet, Maili Jade"]
[Black "Vantika, Agrawal"]
[Result "0-1"]
[WhiteElo "2149"]
[BlackElo "2352"]
[PlyCount "172"]
[EventDate "2024.12.26"]
[EventType "swiss (rapid)"]
[EventRounds "11"]
[EventCountry "USA"]
[SourceTitle "CB01_2025"]
[SourceDate "2025.01.01"]
[SourceVersion "1"]
[SourceVersionDate "2025.01.01"]
[SourceQuality "1"]

1. d4 Nf6 2. c4 e6 3. Nc3 Bb4 4. e3 b6 5. Nge2 Ba6 6. a3 Bxc3+ 7. Nxc3 d5 8. Qf3 0-0 9. cxd5 exd5 10. Bxa6 Nxa6 11. 0-0 c6 12. b4 Qd7 13. Rb1 Nc7 14. a4 b5 15. Bd2 a6 16. Rfc1 Ne6 17. h4 Rfd8 18. Be1 Ne8 19. Nd1 Nd6 20. Nb2 h6 21. Nd3 Nc4 22. Ne5 Qc7 23. Nxc4 bxc4 24. Bc3 Rab8 25. Rb2 Qe7 26. Qg3 Nf8 27. Re1 f5 28. f3 Ne6 29. Qe5 Qf6 30. Qxf6 gxf6 31. g3 Kf7 32. Kf2 Rg8 33. Reb1 Nc7 34. Be1 Ke6 35. Bd2 Kd7 36. Bc3 Rg7 37. Be1 Re8 38. Rc1 Reg8 39. Ke2 h5 40. Bf2 Rb8 41. Be1 Ne6 42. Rcb1 Rb7 43. Kf2 Rg8 44. Ke2 Kd6 45. Kf2 Rbg7 46. Ke2 f4 47. gxf4 Rg2+ 48. Bf2 Rh2 49. f5 Nc7 50. Kf1 Rh1+ 51. Ke2 Rh2 52. Kf1 Rh3 53. Ke2 Kd7 54. Rc2 Rg2 55. Rcc1 Rhh2 56. Rf1 Rxh4 57. Rh1 Rhh2 58. Rxh2 Rxh2 59. Rg1 Ne8 60. e4 Nd6 61. Ke3 c3 62. Rg7+ Ke8 63. Bg3 Nc4+ 64. Kd3 c2 65. Bf4 Rf2 66. Bc1 h4 67. Rh7 Rxf3+ 68. Kxc2 h3 69. exd5 cxd5 70. b5 axb5 71. axb5 Rf2+ 72. Kb1 h2 73. Rh4 Kd7 74. Rh7+ Kc8 75. Rh6 Kb7 76. Rh3 Kb6 77. Rh6 Kxb5 78. Rh8 Kb4 79. Rh3 Ka4 80. Rh6 Na3+ 81. Ka1 Rf1 82. Rxh2 Rxc1+ 83. Kb2 Rb1+ 84. Ka2 Rf1 85. Rh7 Rf2+ 86. Ka1 Rxf5 0-1

[Event "Wch Rapid (Women)"]
[Site "New York"]
[Date "2024.12.26"]
[Round "2"]
[White "Vantika, Agrawal"]
[Black "Uuriintuya, Uurtsaikh"]
[Result "1/2-1/2"]
[WhiteElo "2352"]
[BlackElo "2188"]
[PlyCount "144"]
[EventDate "2024.12.26"]
[EventType "swiss (rapid)"]
[EventRounds "11"]
[EventCountry "USA"]
[SourceTitle "CB01_2025"]
[SourceDate "2025.01.01"]
[SourceVersion "1"]
[SourceVersionDate "2025.01.01"]
[SourceQuality "1"]

1. d4 Nf6 2. c4 g6 3. Nc3 Bg7 4. e4 d6 5. Be2 0-0 6. Nf3 e5 7. 0-0 Na6 8. Be3 Ng4 9. Bg5 Qe8 10. h3 h6 11. Bc1 Nf6 12. dxe5 dxe5 13. Be3 Qe7 14. Qc1 Kh7 15. Nd5 Qe6 16. Qc2 c6 17. Nxf6+ Qxf6 18. c5 Nc7 19. Rfd1 Ne6 20. Rd6 Re8 21. g3 Bf8 22. Rd2 a5 23. a4 Qe7 24. Nxe5 Ng5 25. f4 Nxh3+ 26. Kg2 f6 27. Nc4 Qxe4+ 28. Qxe4 Re7 29. Qe5 Rxe5 30. Bd3 Re8 31. f5 Ng5 32. Bxg5 hxg5 33. fxg6+ Kg8 34. Nb6 Rb8 35. Nxc8 Rbxc8 36. Bc4+ Kg7 37. Rd7+ Re7 38. Rxe7+ Bxe7 39. Bd3 Rd8 40. Bf5 Rd2+ 41. Kf3 Bxc5 42. Rh1 Rf2+ 43. Kg4 Re2 44. Rh7+ Kg8 45. Bd3 Re7 46. Bc4+ Kf8 47. Bf7 Re2 48. b3 Bd4 49. Bc4 Re7 50. Rh8+ Kg7 51. Rg8+ Kh6 52. Bf7 Re5 53. Rh8+ Kg7 54. Rh7+ Kf8 55. Bc4 Re7 56. Rh8+ Kg7 57. Rg8+ Kh6 58. Bd3 b5 59. axb5 cxb5 60. Rh8+ Kg7 61. Rh7+ Kf8 62. Rh1 Kg7 63. Rh7+ Kf8 64. Rxe7 Kxe7 65. Bxb5 Kf8 66. Kf5 Kg7 67. g4 Bc3 68. Bd3 Bb4 69. Ke6 Bc3 70. Bf5 Bb4 71. Kd5 Bc3 72. Kc4 Bb4 1/2-1/2